000 00316pam a2200133 a 4500
020 _c
041 _h
082 _a658.3
_bLUN
100 _aLUNOY J.L.,
245 _aEFFECTIVE INDUSTRIAL MANAGEMENT
_hTextual Documents
260 _aNEW DELHI
_bEURASIA PUBLISHING HOUSE
_c1957
300 _aXVI+588
930 _a7563
999 _c127026
_d127026